00193nam a2200085Ia 4500008004100000041000800041100001600049245003300065260000900098230508s1992 xx 000 0 und d aeng aMAHAJAN D M aELEMENTS OF BUILDING DRAWING c1992